000
00248 a2200109 4500
001
8884
082
_a
297.1 ARN
090
_c
7076
_d
7076
100
_a
Arnold D T
245
_a
The Legacy of Islam (W/O vide BOO on 2005-06)
_h
English
260
_b
Oxford
_a
1965
942
_a
NUST-CAE
999
_c
243957
_d
243957